Zoologická záhrada Bratislava výročná správa 2002

Gespeichert in:
Bibliographische Detailangaben
Format: Buch
Sprache:Slowakisch
Englisch
Veröffentlicht: Bratislava Zoologická záhrada Bratislava 2003
Schlagworte:
Tags: Tag hinzufügen
Keine Tags, Fügen Sie das erste Tag hinzu!

MARC

LEADER 00000nam$a2200000$$$4500
001 0003873
005 20240108123840.0
041 0 |a slo 
041 0 |a eng 
044 |a SK 
245 1 0 |a Zoologická záhrada Bratislava  |b výročná správa 2002 
264 1 |a Bratislava  |b Zoologická záhrada Bratislava  |c 2003 
300 |a 47 s. 
610 2 0 |a zvieratá 
610 2 0 |a chov zvierat 
610 2 0 |a štruktúra organizačná 
610 2 0 |a ochrana prírody 
610 2 0 |a projekty 
610 2 0 |a veterinárstvo 
610 2 0 |a výsledok hospodársky